LEADER 01330nam a2200313 i 4500 001 000000177897 003 CaOOAMICUS 005 20090227000000.0 008 090227s2008 it u000 u ita u 013 $a155466 020 $a978-88-7180-763-8 040 $aSeMil$bita 100 1 $aStark, Rodney.$0(OLS)http://semarc/name/51222 240 10$aDiscovering God.$0(OLS)http://semarc/title/255507 245 13$aLa scoperta di Dio :$bl'origine delle grandi religioni e l'evoluzione della fede /$cRodney Stark ; [trad. di Diana Mengo]. 260 $aTorino :$bLindau,$c2008. 300 $a621 p. ;$c21 cm. 490 0 $aI leoni 500 $aContiene : Bibliografia. - Dono del Card. Dionigi Tettamanzi. 650 4$aReligioni.$0(OLS)http://semarc/subject/1099 700 1 $aMengo, Diana.$0(OLS)http://semarc/name/66162 830 2$aI Leoni.$0(OLS)http://semarc/title/27447 850 $aSeMil 852 $aSeMil$W1$xVenegono$y1$m2R II 96$j128693$B128693$CSeMilBibl$Z2$F139857 $81 941 1 $a5 961 $aOmaggio: Tettamanzi Card. Dionigi 996 $6020$a978-88-7180-763-8$9(OLS)http://semarc/number/166804 996 $6245$aLa scoperta di Dio :$bl'origine delle grandi religioni e l'evoluzione della fede$9(OLS)http://semarc/title/255506 996 $6260$aTorino :$bLindau$9(OLS)http://semarc/publisher/32348 LEADER 01040nam a2200277 i 4500 001 000000125152 003 CaOOAMICUS 005 20190125163059.0 008 051114s1980 it u000 u ita u 013 $a97851 040 $aSeMil$bita 100 1 $aAmnesty International.$0(OLS)http://semarc/name/52022 245 10$aPena di morte /$cAmnesty International. 260 $aPordenone :$bStudio Tesi,$c1980. 300 $a441 p. ;$c21 cm. 490 0 $aRapporti / Amnesty international ;$v4 500 $aFondo Card. C.M. Martini. 650 4$aPena di morte.$0(OLS)http://semarc/subject/7425 830 0$aRapporti / Amnesty international ;$v4.$0(OLS)http://semarc/title/18644 850 $aSeMil 852 $aSeMil$W1$xVenegono$y1$m3V II 127$j79645$B79645$CSeMilBibl$Z2$F105714 $81 941 1 $a4 961 $aOmaggio: Martini Card. Carlo Maria 996 $6245$aPena di morte$9(OLS)http://semarc/title/158932 996 $6260$aPordenone :$bStudio Tesi$9(OLS)http://semarc/publisher/32924